Suzuki Cello Book 3 Quiz - Statistics

General Stats
  • This quiz has been taken 2 times
  • The average score is 8 of 12
Answer Stats
Hint Composer Answer % Correct
3 J. B. Lully Gavotte
100%
8 J. S. Bach Gavotte in C Minor
100%
10 A. Dvorák Humoresque
100%
4 L. Boccherini Minuet
100%
7 L. van Beethoven Minuet in G
100%
1 F. Schubert Berceuse
50%
11 Gabriel-Marie La Cinquantaine
50%
9 J. S. Bach Minuet No. 3
50%
6 C. Webster Scherzo
50%
2 R. Taki The Moon over the Ruined Castle
50%
5 R. Taki The Moon over the Ruined Castle
50%
12 J. S. Bach Allegro Moderato
0%
No matching quizzes found
Score Distribution
Percent of People with Each Score
Percentile by Number Answered
Your Score History
You have not taken this quiz